Francesco d'Assisi /

Ispirato da un viaggio compiuto ad Assisi, Hesse scrisse questo racconto dei tempi e della vita di Francesco, in cui vide incarnato un ideale di vita in armonia con le forze della natura e che poteva rivolgersi profondamente all'anima insoddisfatta dell'uomo moderno, privato di punti fermi e di valo...

Descripció completa

Guardat en:
Dades bibliogràfiques
Autor principal: Hesse, Hermann (Autor)
Altres autors: Finzi Vita, Viviana, Gigliozzi, Giovanni (Autor d'introducció, etc.), Ricci, Francesca (Traductor), Ulivieri, Mirella (Traductor)
Format: Llibre
Idioma:italià
Publicat: Roma : Tascabili economici Newton, 1993
Edició:2. ed
Col·lecció:Centopaginemillelire ; 40
Matèries:
Etiquetes: Afegir etiqueta
Sense etiquetes, Sigues el primer a etiquetar aquest registre!

MARC

LEADER 00000nam a22000007ia4500
001 IT\ICCU\CFI\0235403
003 ItRI
005 20260115231933.0
008 930911s1993 it |||||| ||||| |||||c
020 |a 8879830090 
040 |b ita  |c importazione bologna sebina 
041 7 |a ita  |2 ISO-639-2 
082 |a 271  |9 Congregazioni e ordini religiosi nella storia della chiesa  |2 14 
100 1 |a Hesse, Hermann  |0 IT\ICCU\CFIV\001444  |4 aut 
240 1 0 |a Franz von Assisi  |3 IT\ICCU\BVE\0099225  |9 Hesse, Hermann 
245 1 0 |a Francesco d'Assisi /  |c Hermann Hesse ; introduzione di Giovanni Gigliozzi ; nota biobibliografica di Viviana Finzi Vita. 
250 |a 2. ed 
260 |a Roma :  |b Tascabili economici Newton,  |c 1993 
300 |a 91 p. ;  |c 20 cm 
500 |a Ed. integrale 
500 |a Trad. di Francesca Ricci, Mirella Ulivieri 
520 |a Ispirato da un viaggio compiuto ad Assisi, Hesse scrisse questo racconto dei tempi e della vita di Francesco, in cui vide incarnato un ideale di vita in armonia con le forze della natura e che poteva rivolgersi profondamente all'anima insoddisfatta dell'uomo moderno, privato di punti fermi e di valori. L'universalità del messaggio di Francesco, affrontato da Hesse con spirito profondamente commosso, viene restituita dalla prosa del grande scrittore attraverso un resoconto biografico narrato con uno stile semplice, quasi favolistico, che rende questo breve scritto un incrocio tra biografia, saggio e, appunto, favola per adulti e bambini, riuscendo così ad assecondare l'universalità e la grandezza del messaggio francescano. 
650 7 |a Francesco : d'Assisi <santo> 
700 1 |a Finzi Vita, Viviana  |0 IT\ICCU\RAVV\083821 
700 1 |a Gigliozzi, Giovanni  |0 IT\ICCU\DDSV\132808  |4 aui 
700 1 |a Ricci, Francesca  |0 IT\ICCU\CFIV\141728  |4 trl 
700 1 |a Ulivieri, Mirella  |0 IT\ICCU\CFIV\119831  |4 trl 
774 0 |w IT\ICCU\RL1\0063522  |t La morte di fratello Antonio. 
774 0 |w IT\ICCU\RL1\0063524  |t Il gioco dei fiori 
774 0 |w IT\ICCU\RL1\0063526  |t I fioretti di San Francesco 
830 0 |a Centopaginemillelire ;  |v 40  |0 IT\ICCU\RAV\0196182 
942 |2 ddc  |c BK  |n 0 
952 |0 0  |1 0  |4 0  |6 DOC_833_912000000000000_HES  |7 0  |9 17131  |a BO  |b BO  |d 2026-01-15  |i 10224  |l 0  |o DOC 833.912 HES  |p BO10224  |r 2026-01-15 23:19:33  |w 2026-01-15  |x [Sebina 5] [1 v.]  |y BK  |z 1 v. 
999 |c 14628  |d 14628